00737nam a2200205 i 450000100060000000300080000600500170001400800390003103500190007004000320008904100080012108200220012910000230015124500590017426000480023330000250028150001420030650400510044865100320049926532BD-RjUL20211209051029.0140322s1976 ii b 001 0 eng a(BD-RjUL)26602 aDLCcDLCdDLCdBD-RjULbeng aeng00a954.025bCHL 19761 aChopra, Pran Nath.10aLife and letters under the Mughals /cby P. N. Chopra. aNew Delhi :bAshajanak Publications,c1976. axx, 439 p. ;c23 cm. a"Includes ... [author's] two earlier works, Some aspects of society and culture during the Mughal age and Social life under the Mughals." aIncludes Bibliography: p. [410]-424 and index. 0aMogul EmpirexCivilization.